Biologie - Photosynthèse - Statistiques

Statistiques générales
  • Ce quiz a été pris 289 fois
  • Le résultat moyen est 6 sur 14
Statistiques - réponses
Question Réponse % Correct
ce sont les membranes des thylakoïdes qui capturent l'énergie solaire par photosynthèse Vrai
66%
L'objectif principal de la photosynthèse est : De produire de la matière organique
63%
Le Calcin cycle n'utilise pas de CO2 Faux
59%
Pour permettre le Calvin cycle, il faut que les 2
55%
Le Calvin cycle a lieu dans le thylakoïde Faux
51%
Le Calvin cycle permet de produire des amidons et de la matière organique Vrai
51%
La réaction globale de la photosynthèse est light nrj + 6CO2 + 6H2O => glucose + 6O2
50%
Le Cycle de Calvin est une réaction endergonic Vrai
44%
Le Calvin cycle nécessite du Rubisco, de l'ATP, du NADPH
41%
Les cyanobactéries ont produit de l'O2 by photosynthesis
37%
La lumière "excite" les chlorophylls dans le PhotosystèmeII, puis ... des électrons sont pris aux H2O
35%
La plantes C3/C4 et CAM permettent de savoir comment ces dernières réagissent aux climats hot, dry
32%
La différence entre le chlorophyll a et b réside dans la différence de groupe fonctionnels (respectivement CH3 pour a et CHO pour b)
31%
Les chloroplastes sont composés de thylakoïdes, stroma, mesophylls Faux
28%
Aucun quiz correspondant
Distribution des résultats
% des personnes avec chaque résultat
Percentile par nombre de réponses
Votre historique - résultats
Vous n’avez pas pris ce quiz